000 00774nam a2200241 a 4500
001 156494
003 OSt
005 20211005122702.0
008 181031 ### HIN
020 _a9781450442244
082 _a612.044
_bH67P
100 _aHoffman, Jay
245 _aPhysiological aspects of sport training and performance
_cby Jay Hoffman
250 _a2nd ed.
260 _aChampaign
_bHuman Kinetics
_c2014
300 _axiv, 505p.
500 _aThe book includes a web resources featuring 80 drills and 41 video clips
653 _aSports--Physiological aspects
653 _aExercise--Physiological aspects
653 _aPhysical education and training--Physiological aspects
653 _aPhysical education and training
942 _2ddc
_cBK
999 _c18892
_d18892